Hundred great Muslims / (Record no. 186939)
[ view plain ]
| 000 -LEADER | |
|---|---|
| fixed length control field | 00932 a2200205 4500 |
| 003 - CONTROL NUMBER IDENTIFIER | |
| control field | Nust |
| 005 - DATE AND TIME OF LATEST TRANSACTION | |
| control field | 20230128133039.0 |
| 010 ## - LIBRARY OF CONGRESS CONTROL NUMBER | |
| LC control number | 76932371 |
| 040 ## - CATALOGING SOURCE | |
| Transcribing agency | Nust |
| 082 ## - DEWEY DECIMAL CLASSIFICATION NUMBER | |
| Classification number | 922,AHM |
| 100 ## - MAIN ENTRY--PERSONAL NAME | |
| Personal name | Jamil Ahmad, Khwaja |
| 9 (RLIN) | 108001 |
| 245 ## - TITLE STATEMENT | |
| Title | Hundred great Muslims / |
| Statement of responsibility, etc. | Jamil Ahmad |
| 250 ## - EDITION STATEMENT | |
| Edition statement | 1st ed |
| 260 ## - PUBLICATION, DISTRIBUTION, ETC. | |
| Place of publication, distribution, etc. | Lahore, |
| Name of publisher, distributor, etc. | Ferozsons |
| Date of publication, distribution, etc. | 1971 |
| 300 ## - PHYSICAL DESCRIPTION | |
| Extent | xvii, 573 p |
| Other physical details | 23 cm |
| 505 ## - FORMATTED CONTENTS NOTE | |
| Formatted contents note | Hazrat Muhammad The Prophet of Islam (Page-3), Great Leaders (Page-12), Great Women (Page-67), Religious Teachers (Page-81), Sufis and Saints (Page-119), Thinkers and Scientists (Page-141), Poets and writes (Page-197), Artist and Musicians (Page-263), Reformers, Revolutionaries and Patriots (Page-291) ,Rules, Statesman and Administrators (Page-359), Soldiers, General and Conquerors (Page-431), Historians, Geographers and Explorers (Page-489). |
| 600 ## - SUBJECT ADDED ENTRY--PERSONAL NAME | |
| Personal name | Jamil Ahmad, Khwaja |
| 9 (RLIN) | 108001 |
| 650 ## - SUBJECT ADDED ENTRY--TOPICAL TERM | |
| Topical term or geographic name entry element | Biography |
| 9 (RLIN) | 461 |
| 942 ## - ADDED ENTRY ELEMENTS (KOHA) | |
| Source of classification or shelving scheme | |
| Koha item type | Book |
| Withdrawn status | Lost status | Source of classification or shelving scheme | Damaged status | Not for loan | Permanent Location | Current Location | Shelving location | Date acquired | Shelving control number | Total Checkouts | Full call number | Barcode | Date last seen | Date last checked out | Price effective from | Koha item type | Public note |
|---|---|---|---|---|---|---|---|---|---|---|---|---|---|---|---|---|---|
| Military College of Signals (MCS) | Military College of Signals (MCS) | General Stacks | 12/12/2016 | History | 1 | 922,AHM | MCS1986 | 04/14/2026 | 01/20/2026 | 12/12/2016 | Book | Almirah No.59, Shelf No.2 |
